000
00221nam a2200121Ia 4500
100
_a
#N/A
942
_c
BK
245
_a
Process Plant simulation
260
_b
#N/A
082
_b
21626
546
_a
ENGLISH
999
_c
19450
_d
19450